000 00439nam a2200169 a 4500
001 0000-8624
003 ELIB.Books
008 110520 1960
035 _a(ELIB.Books)0000-8770
082 _a230
_bRam
100 _aRamm, Bernard
245 _aThe Witness of the Spirit
260 _bGrand Rapids: Wm .B.Eerdmans Publishing Company
_c1960
650 _aTheology
942 _2ddc
_cBK
998 _cbat
_e2011-05-20
999 _c8624
_d8624